Course Hero Literature Guide Titles - Statistics

General Stats
  • This quiz has been taken 7 times
  • The average score is 104 of 215
Answer Stats
Title Author % Correct
1984 | Animal Farm George Orwell
100%
Cannery Row | East of Eden | The Grapes of Wrath John Steinbeck
100%
Antony and Cleopatra | As You Like It | Hamlet | +6 others William Shakespeare
100%
And Then There Were None | Murder on the Orient Express Agatha Christie
75%
The Diary of a Young Girl Anne Frank
75%
A View From the Bridge | Death of a Salesman | The Crucible Arthur Miller
75%
A Christmas Carol | A Tale of Two Cities | David Copperfield | +2 others Charles Dickens
75%
Jane Eyre Charlotte Bronte
75%
Inferno Dante Alighieri
75%
The Cask of Amontillado | The Masque of the Red Death | The Pit and the Pendulum | +2 others Edgar Allan Poe
75%
The Fall of the House of Usher Edgar Allen Poe
75%
Wuthering Heights Emily Bronte
75%
A Farewell to Arms | For Whom the Bell Tolls | The Old Man and the Sea | The Sun Also Rises Ernest Hemingway
75%
A Good Man is Hard to Find | Good County People Flannery O'Connor
75%
Middlemarch George Eliot
75%
To Kill a Mockingbird Harper Lee
75%
Moby Dick Herman Melville
75%
The Invisible Man | The Time Machine | The War of Worlds H.G. Wells
75%
The Odyssey Homer
75%
Emma | Mansfield Park | Northhanger Abbey | +3 others Jane Austen
75%
The Catcher in the Rye J.D. Salinger
75%
Paradise Lost John Milton
75%
The Lord of the Rings J.R.R. Tolkien
75%
20,000 Leagues Under the Sea | Around the World in Eighty Days | Journey to the Center of the Earth Jules Verne
75%
Anna Karenina | War and Peace Leo Tolstoy
75%
Alice in Wonderland | Through the Looking-Glass Lewis Carroll
75%
Anne of Green Gables L.M. Montgomery
75%
Little Woman Louisa May Alcott
75%
The Adventures of Huckleberry Finn | The Adventures of Tom Sawyer Mark Twain
75%
Frankenstein Mary Shelley
75%
The Importance of Being Earnest | The Picture of Dorian Gray Oscar Wilde
75%
Self-Reliance Ralph Waldo Emerson
75%
Dandelion Wine | Fahrenheit 451 | The Martian Chronicles Ray Bradbury
75%
Dr. Jekyll and Mr. Hyde | Treasure Island Robert Louis Stevenson
75%
The Adventures of Sherlock Holmes Sir Arthur Conan Doyle
75%
Oedipus Rex Sophocles
75%
Daddy | The Bell Jar Sylvia Plath
75%
The Wasteland T.S. Eliot
75%
Les Miserables | The Hunchback of Notre Dame Victor Hugo
75%
The Aeneid Virgil
75%
Mrs. Dalloway | Orlando | To the Lighthouse Virginia Woolf
75%
Brave New World Aldous Huxley
50%
The Count of Monte Cristo | The Three Musketeers Alexandre Dumas
50%
Dracula Bram Stoker
50%
Things Fall Apart Chinua Achebe
50%
No Country for Old Men | The Road Cormac McCarthy
50%
The Chronicles of Narnia C.S. Lewis
50%
Charlotte's Web E.B. White
50%
The Age of Innocence Edith Wharton
50%
How Do I Love Thee? Elizabeth Barrett Browning
50%
The Metamorphosis Franza Kafka
50%
The Trial Franz Kafka
50%
Crime and Punishment | Notes from Underground | The Brothers Karamazov Fyodor Dostoevsky
50%
Love in the Time of Cholera | One Hundred Years of Solitude Gabriel Garcia Marquez
50%
The Canterbury Tales Geoffrey Chaucer
50%
Uncle Tom's Cabin Harriet Beecher Stowe
50%
Civil Disobedience | Walden Henry David Thoreau
50%
The Call of the Wild | To Build a Fire Jack London
50%
Go Tell it on the Mountain James Baldwin
50%
The Portrait of the Artist as a Young Man | Ulysses James Joyce
50%
Faust | The Sorrows of Young Werther Johann Wolfgang von Goethe
50%
Gulliver's Travels Johnathan Swift
50%
Endymion | The Fall of Hyperion John Keats
50%
Of Mice and Men | The Pearl John Stienbeck
50%
Heart of Darkness Josephn Conrad
50%
If | The Jungle Book Rudyard Kipling
50%
Hymn to Aphrodite Sappho
50%
The Lottery Shirley Jackson
50%
The Dark Tower(series) Stephen King
50%
Cat on a Hot Tin Roof | The Glass Menagerie Tennessee Williams
50%
Tess of the d'Ubvervilles Thomas Hardy
50%
The Jungle Upton Sinclair
50%
Candide Voltaire
50%
The Second Coming William Butler Yeats
50%
The Plague | The Stranger Albert Camus
25%
The Joy Luck Club Amy Tan
25%
The Immortalist Andre Gide
25%
Black Beauty Anna Sewell
25%
The Little Prince Antoine de Saint-Exupery
25%
The Descent of Man Charles Darwin
25%
Robinson Crusoe Daniel Defoe
25%
The Hitchhiker's Guide to the Galaxy Douglas Adams
25%
All's Quiet on the Western Front Erich Maria Remarque
25%
Medea Euripides
25%
Dune Frank Herbert
25%
Siddhartha Herman Hesse
25%
Steppenwolf Hermann Hesse
25%
On The Road Jack Keroauc
25%
The Pilgrim's Progress John Bunyan
25%
Catch-22 Joseph Heller
25%
The Awakening Kate Chopin
25%
One Flew Over the Cuckoo's Nest Ken Kesey
25%
Slaughterhouse Five Kurt Vonnegut
25%
The Giver Lois Lowry
25%
A Raisin in the Sun Lorraine Hansberry
25%
A Wrinkle in Time Madeleine L'Engle
25%
Gone with the Wind Margaret Mitchell
25%
I Know Why the Caged Bird Sings Maya Angelou
25%
Don Quixote Miguel de Cervantes
25%
The Scarlet Letter Nathaniel Hawthorne
25%
The Prince Niccolo Machiavelli
25%
Dead Souls | The Nose Nikolai Gogol
25%
The Gift of Magi O. Henry
25%
Republic Plato
25%
Invisible Man Ralph Ellison
25%
Native Son Richard Wright
25%
The Art of War SunTzu
25%
Utopia Thomas More
25%
Our Town Thorton Wilder
25%
Beloved | The Bluest Eye Toni Morrison
25%
Breakfast at Tiffany's Truman Capote
25%
Lolita Vladimir Nabokov
25%
Leaves of Grass Walt Whitman
25%
A Rose for Emily | Absalom, Absalom! | As I Lay Dying | The Sound and the Fury William Faulkner
25%
Neuromancer William Gibson
25%
Lord of the Flies William Golding
25%
Journey to the West Wu Cheng-en
25%
Their Eyes Were Watching God Zora Neale Hurston
25%
Rashomon Akutugawa Ryunnosuke
0%
A Clockwork Orange Anthony Burgess
0%
2001: A Space Odyssey Arthur C. Clark
0%
1776 David McCullough
0%
Lady Chatterley's Lover D.H. Lawrence
0%
Do Not Go Gentle Into That Good Night Dylan Thomas
0%
A Lesson Before Dying Ernest J. Gaines
0%
A Worn Path Eudora Welty
0%
The Iceman Cometh Eugene O'Neil
0%
American Born Chinese Gene Luen Yang
0%
Pygmalion George Bernard Shaw
0%
The Decameron Giovanni Boccaccio
0%
The Women of Brewster Place Gloria Naylor
0%
Madame Bovary Gustave Flaubert
0%
The Portrait of a Lady | The Turn of the Screw Henry James
0%
Theogony Hesiod
0%
A Separate Peace John Knowles
0%
In Flanders Field John McCrae
0%
The Wind in the Willows Kenneth Grahame
0%
Persepolis Margane Satrapi
0%
The Book Thief Markus Zusak
0%
The Phantom Tollbooth Norton Juster
0%
The Alchemist Paulo Coelho
0%
Kublai Khan Samuel Taylor Coleridge
0%
The House on Mango Street Sanda Cisneros
0%
The Red and the Black Stendhal
0%
My Antonia Willa Cather
0%
Vanity Fair William Makepeace Thackeray
0%
Where the Red Fern Grows Wilson Rawls
0%
The Monkey's Paw W.W. Jacobs
0%
Life of Pi Yann Martel
0%
No matching quizzes found
Score Distribution
Percent of People with Each Score
Percentile by Number Answered
Your Score History
You have not taken this quiz